The Norton anthology of American literature / (Record no. 22105)
[ view plain ]
| 000 -LEADER | |
|---|---|
| fixed length control field | 02031cam a22003495i 4500 |
| 001 - CONTROL NUMBER | |
| control field | 16980117 |
| 003 - CONTROL NUMBER IDENTIFIER | |
| control field | EG-ScBUE |
| 005 - DATE AND TIME OF LATEST TRANSACTION | |
| control field | 20201027121110.0 |
| 008 - FIXED-LENGTH DATA ELEMENTS--GENERAL INFORMATION | |
| fixed length control field | 110928t20122012nyuab f b 001 0deng d |
| 020 ## - INTERNATIONAL STANDARD BOOK NUMBER | |
| International Standard Book Number | 9780393934779 (pbk., v. B) |
| 020 ## - INTERNATIONAL STANDARD BOOK NUMBER | |
| International Standard Book Number | 0393934772 (pbk., v. B) |
| 040 ## - CATALOGING SOURCE | |
| Original cataloging agency | DLC |
| Language of cataloging | eng |
| Description conventions | rda |
| Transcribing agency | DLC |
| Modifying agency | EG-ScBUE |
| 043 ## - GEOGRAPHIC AREA CODE | |
| Geographic area code | n-us--- |
| 082 04 - DEWEY DECIMAL CLASSIFICATION NUMBER | |
| Classification number | 810.8 |
| Item number | NOR |
| Edition number | 22 |
| 245 04 - TITLE STATEMENT | |
| Title | The Norton anthology of American literature / |
| Statement of responsibility, etc | Nina Baym, General editor, Swanlund Chair and Center for advanced study professor Emerita of English, Robert S. Levine, Associate General editor, Professor of English and Distinguished Scholar-Teacher, University of Maryland, College Park. |
| 250 ## - EDITION STATEMENT | |
| Edition statement | Eighth edition. |
| 264 #1 - PUBLICATION, DISTRIBUTION, ETC. (IMPRINT) | |
| Place of publication, distribution, etc | New York : |
| Name of publisher, distributor, etc | W. W. Norton & Company, Inc., |
| Date of publication, distribution, etc | [2012] |
| 264 #4 - PUBLICATION, DISTRIBUTION, ETC. (IMPRINT) | |
| Date of publication, distribution, etc | c2012 |
| 300 ## - PHYSICAL DESCRIPTION | |
| Extent | 1756 pages, 8 pages of plates : |
| Other physical details | illustrations (some color), maps (some color) ; |
| Dimensions | 24 cm |
| 336 ## - CONTENT TYPE | |
| Content type term | text |
| Content type code | txt |
| Source | rdacontent |
| 337 ## - MEDIA TYPE | |
| Media type term | unmediated |
| Media type code | n |
| Source | rdamedia |
| 338 ## - CARRIER TYPE | |
| Carrier type term | volume |
| Carrier type code | nc |
| Source | rdacarrier |
| 504 ## - BIBLIOGRAPHY, ETC. NOTE | |
| Bibliography, etc | Includes bibliographical references and index. |
| 505 2# - FORMATTED CONTENTS NOTE | |
| Formatted contents note | Volume B. 1820-1865. |
| 505 0# - FORMATTED CONTENTS NOTE | |
| Formatted contents note | Contents: American Literature, 1820-1865. Washington Irving -- James Fenimore Cooper -- The Cherokee memorials -- Catharine Maria Sedgwick -- William Cullen Bryant -- William Apess -- Lydia Maria Child -- Ralph Waldo Emerson -- Nathaniel Hawthorne -- Henry Wadsworth Longfellow -- John Greenleaf Whittier -- Edgar Allan Poe -- Abraham Lincoln --<br/> Margaret Fuller -- Harriet Beecher Stowe -- Fanny Fern (Sarah Willis Parton) -- Harriet Jacobs -- Henry David Thoreau -- Frederick Douglass -- Walt Whitman -- Herman Melville -- Emily Dickinson -- Rebecca Harding Davis -- Louisa May Alcott. |
| 650 #7 - SUBJECT ADDED ENTRY--TOPICAL TERM | |
| Topical term or geographic name as entry element | American literature. |
| Source of heading or term | BUEsh |
| 651 #7 - SUBJECT ADDED ENTRY--GEOGRAPHIC NAME | |
| Geographic name | United States |
| Form subdivision | Literary collections. |
| Source of heading or term | BUEsh |
| 9 (RLIN) | 40630 |
| 653 ## - INDEX TERM--UNCONTROLLED | |
| Resource For college | Humanities: English |
| Arrived date list | August 2016 |
| 700 1# - ADDED ENTRY--PERSONAL NAME | |
| Personal name | Baym, Nina, |
| Relator term | editor. |
| 9 (RLIN) | 40628 |
| 700 1# - ADDED ENTRY--PERSONAL NAME | |
| Personal name | Levine, Robert S. |
| Fuller form of name | (Robert Steven), |
| Dates associated with a name | 1953- |
| Relator term | editor. |
| 9 (RLIN) | 40629 |
| 942 ## - ADDED ENTRY ELEMENTS (KOHA) | |
| Source of classification or shelving scheme | Dewey Decimal Classification |
| Koha item type | Book - Borrowing |
| Withdrawn status | Lost status | Source of classification or shelving scheme | Damaged status | Not for loan | Collection code | Home library | Current library | Shelving location | Date acquired | Source of acquisition | Cost, normal purchase price | Serial Enumeration / chronology | Total Checkouts | Total Renewals | Full call number | Barcode | Date last seen | Date checked out | Cost, replacement price | Price effective from | Koha item type |
|---|---|---|---|---|---|---|---|---|---|---|---|---|---|---|---|---|---|---|---|---|---|
| Dewey Decimal Classification | Baccah | Central Library | Central Library | Second Floor | 02/08/2016 | Purchase | 624.00 | 25868 | 1 | 2 | 810.8 NOR | 000033049 | 15/07/2025 | 24/11/2019 | 780.00 | 02/08/2016 | Book - Borrowing |